<?xml version="1.0" encoding="UTF-8"?>
<record
    xmlns:xsi="http://www.w3.org/2001/XMLSchema-instance"
    xsi:schemaLocation="http://www.loc.gov/MARC21/slim http://www.loc.gov/standards/marcxml/schema/MARC21slim.xsd"
    xmlns="http://www.loc.gov/MARC21/slim">

  <leader>01191nam a2200301 a 4500</leader>
  <controlfield tag="008">020821s2000    xo a   gr     0000yyslo c</controlfield>
  <datafield tag="020" ind1=" " ind2=" ">
    <subfield code="a">8088699169</subfield>
    <subfield code="c">10</subfield>
  </datafield>
  <datafield tag="040" ind1=" " ind2=" ">
    <subfield code="a">SNK</subfield>
    <subfield code="b">slo</subfield>
    <subfield code="c">SNK</subfield>
    <subfield code="e">AACR2</subfield>
  </datafield>
  <datafield tag="041" ind1="1" ind2=" ">
    <subfield code="a">slo</subfield>
    <subfield code="h">ger</subfield>
  </datafield>
  <datafield tag="044" ind1=" " ind2=" ">
    <subfield code="a">xo</subfield>
    <subfield code="c">SK</subfield>
  </datafield>
  <datafield tag="080" ind1=" " ind2=" ">
    <subfield code="a">630*2:504.54</subfield>
  </datafield>
  <datafield tag="080" ind1=" " ind2=" ">
    <subfield code="a">504.54</subfield>
  </datafield>
  <datafield tag="100" ind1="1" ind2=" ">
    <subfield code="a">Bockem&#xFC;hl, Jochen</subfield>
    <subfield code="4">aut</subfield>
    <subfield code="4">ill</subfield>
  </datafield>
  <datafield tag="240" ind1="1" ind2="0">
    <subfield code="a">Sterbende W&#xE4;lder - eine Bewusstseinsfrage</subfield>
    <subfield code="l">Slovensky</subfield>
  </datafield>
  <datafield tag="245" ind1="1" ind2="0">
    <subfield code="a">Umieraj&#xFA;ce lesy - ot&#xE1;zka vedomia</subfield>
    <subfield code="b">&#x161;kolenie na pr&#xED;rodn&#xFD;ch s&#xFA;vislostiach a zmena sp&#xF4;sobu &#x17E;ivota</subfield>
    <subfield code="c">obrazy a texty: Jochen Bockem&#xFC;hl ; [z nemeck&#xE9;ho origin&#xE1;lu prelo&#x17E;ili Peter Duchoslav a Danica Jan&#x10D;&#xE1;ryov&#xE1;]</subfield>
  </datafield>
  <datafield tag="250" ind1=" " ind2=" ">
    <subfield code="a">1. vyd.</subfield>
  </datafield>
  <datafield tag="260" ind1=" " ind2=" ">
    <subfield code="a">Tul&#x10D;&#xED;k</subfield>
    <subfield code="b">ABIES</subfield>
    <subfield code="c">2000</subfield>
  </datafield>
  <datafield tag="300" ind1=" " ind2=" ">
    <subfield code="a">99 s.</subfield>
    <subfield code="b">fareb. ilustr.</subfield>
    <subfield code="c">20 cm</subfield>
  </datafield>
  <datafield tag="500" ind1=" " ind2=" ">
    <subfield code="a">&#xDA;daj o prekl. prevzat&#xFD; z rubu tit. strany</subfield>
  </datafield>
  <datafield tag="504" ind1=" " ind2=" ">
    <subfield code="a">Bibliogr. s. 99</subfield>
  </datafield>
  <datafield tag="650" ind1="0" ind2="7">
    <subfield code="a">lesy</subfield>
    <subfield code="x">ochrana</subfield>
    <subfield code="x">aspekty filozofick&#xE9;</subfield>
    <subfield code="2">SNK</subfield>
  </datafield>
  <datafield tag="650" ind1="0" ind2="7">
    <subfield code="a">ekol&#xF3;gia krajinn&#xE1;</subfield>
    <subfield code="x">vz&#x165;ah k pr&#xED;rode</subfield>
    <subfield code="x">aspekty filozofick&#xE9;</subfield>
    <subfield code="2">SNK</subfield>
  </datafield>
  <datafield tag="700" ind1="1" ind2=" ">
    <subfield code="a">Duchoslav, Peter</subfield>
    <subfield code="4">trl</subfield>
  </datafield>
  <datafield tag="700" ind1="1" ind2=" ">
    <subfield code="a">Jan&#x10D;&#xE1;ryov&#xE1;, Danica</subfield>
    <subfield code="4">trl</subfield>
  </datafield>
  <datafield tag="730" ind1=" " ind2=" ">
    <subfield code="t">Sterbende W&#xE4;lder - eine Bewusstseinsfrage</subfield>
  </datafield>
  <datafield tag="765" ind1="0" ind2=" ">
    <subfield code="t">Sterbende W&#xE4;lder - eine Bewusstseinsfrage</subfield>
    <subfield code="a">Bockem&#xFC;hl</subfield>
  </datafield>
  <datafield tag="958" ind1=" " ind2=" ">
    <subfield code="a">APP</subfield>
  </datafield>
  <datafield tag="999" ind1=" " ind2=" ">
    <subfield code="c">15273</subfield>
    <subfield code="d">15273</subfield>
  </datafield>
  <datafield tag="952" ind1=" " ind2=" ">
    <subfield code="0">0</subfield>
    <subfield code="1">0</subfield>
    <subfield code="4">0</subfield>
    <subfield code="7">0</subfield>
    <subfield code="8">K</subfield>
    <subfield code="a">10000</subfield>
    <subfield code="b">10000</subfield>
    <subfield code="d">2019-11-29</subfield>
    <subfield code="g">10.00</subfield>
    <subfield code="i">14308</subfield>
    <subfield code="o">I 0348</subfield>
    <subfield code="r">2019-11-29</subfield>
    <subfield code="w">2019-11-29</subfield>
    <subfield code="y">OLDO</subfield>
  </datafield>
</record>
